| 000 | 00454nam a22001817a 4500 | ||
|---|---|---|---|
| 008 | 151015b xxu||||| |||| 00| 0 eng d | ||
| 020 | _a0071232443 | ||
| 041 | 0 | _aeng | |
| 080 | _a368.03 | ||
| 245 | 0 |
_aRisk managment & insurance / _cHarrington Niehaus. |
|
| 250 | _a2nd ed. | ||
| 260 |
_c2004 _aUSA: _bMcGraw-Hill Companies; |
||
| 300 |
_a671 f.: _bme il.; _c24 cm. |
||
| 650 | 0 | _aMenaxhim | |
| 650 | 0 | _2Risku | |
| 650 | 0 | _2Sigurimi | |
| 942 |
_2udc _cBK |
||
| 999 |
_c1278 _d1278 |
||